Political reasoning / (Record no. 9243)
[ view plain ]
| 000 -LEADER | |
|---|---|
| fixed length control field | 01033pam a2200313 a 4500 |
| 001 - CONTROL NUMBER | |
| JCCL Control Number | 9243 |
| 003 - CONTROL NUMBER IDENTIFIER | |
| JCCL marc code | BD-JhCC |
| 005 - DATE AND TIME OF LATEST TRANSACTION | |
| control field | 20180312110932.0 |
| 008 - FIXED-LENGTH DATA ELEMENTS--GENERAL INFORMATION | |
| fixed length control field | 820331s1982 caua b 001 0 eng |
| 020 ## - INTERNATIONAL STANDARD BOOK NUMBER | |
| International Standard Book Number | 0803918151 |
| 035 ## - SYSTEM CONTROL NUMBER | |
| system control number | (BD-JhCC)9243 |
| 040 ## - CATALOGING SOURCE | |
| Original cataloging agency | DLC |
| Transcribing agency | DLC |
| Modifying agency | DLC |
| -- | BD-JhCC |
| 041 1# - LANGUAGE CODE | |
| Language code of Book | engswe |
| 050 00 - LIBRARY OF CONGRESS CALL NUMBER | |
| Classification number | JA86 |
| Item number | .V413 1982 |
| 082 00 - DEWEY DECIMAL CLASSIFICATION NUMBER | |
| Classification number | 320/.072 |
| DDC Edition number | 19 |
| Author mark and Year | VED 1982 |
| 100 1# - MAIN ENTRY--PERSONAL NAME | |
| Personal name | Vedung, Evert, |
| Dates associated with a name | 1938- |
| 240 10 - UNIFORM TITLE | |
| Uniform title | Rationella politiska samtalet. |
| 245 10 - TITLE STATEMENT | |
| Title | Political reasoning / |
| Statement of responsibility, etc | Evert Vedung ; [translated from the Swedish by David McCune]. |
| 260 ## - PUBLICATION, DISTRIBUTION, ETC. (IMPRINT) | |
| Place of publication, distribution, etc | Beverly Hills : |
| Name of publisher, distributor, etc | Sage Publications, |
| Date of publication, distribution, etc | c1982. |
| 300 ## - PHYSICAL DESCRIPTION | |
| Pagination | 232 p. : |
| Other physical details | ill. ; |
| Dimensions | 23 cm. |
| 500 ## - GENERAL NOTE | |
| General note | Translation of: Det rationella politiska samtalet. |
| 500 ## - GENERAL NOTE | |
| General note | Includes indexes. |
| 504 ## - BIBLIOGRAPHY, ETC. NOTE | |
| Bibliography, etc | Bibliography: p. 215-223. |
| 650 #0 - SUBJECT ADDED ENTRY--TOPICAL TERM | |
| Topical term or geographic name as entry element | Political science |
| General subdivision | Research. |
| 650 #0 - SUBJECT ADDED ENTRY--TOPICAL TERM | |
| Topical term or geographic name as entry element | Political science |
| General subdivision | Methodology. |
| 856 42 - ELECTRONIC LOCATION AND ACCESS | |
| Materials specified | Publisher description |
| Uniform Resource Identifier | http://www.loc.gov/catdir/enhancements/fy0660/82005532-d.html |
| 942 ## - ADDED ENTRY ELEMENTS (KOHA) | |
| Source of classification or shelving scheme | Dewey Decimal Classification |
| Koha item type | Books |
| Source of classification or shelving scheme | Damaged status | Not for loan | Home library | Current library | Shelving location | Total Checkouts | Full call number | Barcode | Date last seen | Copy number | Koha item type |
|---|---|---|---|---|---|---|---|---|---|---|---|
| Dewey Decimal Classification | JCC Rouf Library | JCC Rouf Library | General Stacks | 320/.072 VED 1982 | 12375 | 03/12/2018 | C - 1 | Books |